[Event "Nordic Chess-ch 2019"]
[Site "Sarpsborg"]
[Date "2019.06.21"]
[Round "1.10"]
[White "Tenold, Andreas"]
[Black "Getz, Nicolai"]
[Result "0-1"]
[WhiteElo "1959"]
[BlackElo "2380"]
[Annotator "RC"]
[PlyCount "120"]
[EventDate "2019.06.21"]
[EventType "swiss"]
[EventCountry "NOR"]
[SourceTitle "playchess.com"]
[Source "ChessBase"]
[SourceQuality "1"]
[TimeControl "40/5400+30:1800+30"]

1. d4 {[%emt 0:00:00]} d6 {[%emt 0:00:00]} 2. c4 {[%emt 0:00:00]} g6 {[%emt 0:02:34]} 3. Nc3 {[%emt 0:01:34]} Bg7 {[%emt 0:00:07]} 4. e4 {[%emt 0:02:00]} Nc6 {[%emt 0:04:55]} 5. Be3 {[%emt 0:04:06]} e5 {[%emt 0:00:26]} 6. d5 {[%emt 0:07:13]} Nce7 {[%emt 0:05:24]} 7. f3 {[%emt 0:03:02]} f5 {[%emt 0:02:07]} 8. Bd3 {[%emt 0:02:14]} Nf6 {[%emt 0:03:46]} 9. Qd2 {[%emt 0:07:02]} O-O {[%emt 0:01:58]} 10. h3 {[%emt 0:07:43]} f4 {[%emt 0:00:53]} 11. Bf2 {[%emt 0:01:19]} c5 {[%emt 0:00:39]} 12. O-O-O {[%emt 0:04:23]} a6 {[%emt 0:02:05]} 13. b3 {[%emt 0:05:23]} Bd7 {[%emt 0:00:35]} 14. Kb2 {[%emt 0:03:40]} Qb8 {[%emt 0:04:15]} 15. a4 {[%emt 0:02:10]} b6 {[%emt 0:04:09]} 16. Nge2 {[%emt 0:06:10]} Ne8 {[%emt 0:02:03]} 17. Ra1 {[%emt 0:05:34]} Nc7 {[%emt 0:01:16]} 18. Rhb1 {[%emt 0:03:33]} a5 {[%emt 0:10:01]} 19. Rh1 {[%emt 0:04:12]} g5 {[%emt 0:08:36]} 20. Nc1 {[%emt 0:07:09]} Ng6 {[%emt 0:01:06]} 21. Be2 {[%emt 0:01:36]} Ne8 {[%emt 0:00:17]} 22. Nd3 {[%emt 0:01:23]} Nf6 {[%emt 0:00:40]} 23. Rag1 {[%emt 0:04:16]} h6 {[%emt 0:01:52]} 24. Be1 {[%emt 0:01:53]} Kf7 {[%emt 0:02:08]} 25. Nf2 {[%emt 0:02:50]} Rh8 {[%emt 0:00:47]} 26. Ng4 {[%emt 0:02:30]} h5 {[%emt 0:04:41]} 27. Nxf6 {[%emt 0:00:42]} Bxf6 {[%emt 0:00:02]} 28. Qd1 {[%emt 0:01:38]} Qb7 {[%emt 0:04:04]} 29. Bd2 {[%emt 0:01:08]} Rag8 {[%emt 0:00:17]} 30. Qf1 {[%emt 0:02:33]} Qc8 {[%emt 0:07:51]} 31. Nd1 {[%emt 0:02:03]} Rg7 {[%emt 0:01:10]} 32. Nf2 {[%emt 0:00:38]} Rh6 {[%emt 0:00:21]} 33. Qd1 {[%emt 0:00:21]} Qd8 {[%emt 0:00:21]} 34. Bc1 {[%emt 0:01:05]} Ne7 {[%emt 0:01:08]} 35. Bd2 {[%emt 0:00:45]} Rhg6 {[%emt 0:01:19]} 36. g4 {[%emt 0:02:55]} fxg3 {[%emt 0:00:09]} 37. Rxg3 {[%emt 0:00:06]} Ng8 {[%emt 0:02:08]} 38. Rhg1 {[%emt 0:01:26]} Nh6 {[%emt 0:02:43]} 39. Qc1 {[%emt 0:00:43]} Kg8 {[%emt 0:05:40]} 40. R3g2 {[%emt 0:00:27]} Kh7 {[%emt 0:01:37]} 41. Ka2 {[%emt 0:07:29]} Nf7 {[%emt 0:02:56]} 42. Qd1 {[%emt 0:06:21]} Nh8 {[%emt 0:01:32]} 43. Nh1 {[%emt 0:03:40]} Rh6 {[%emt 0:04:55]} 44. Qc1 {[%emt 0:02:36]} Bxh3 {[%emt 0:02:26]} 45. Bxg5 {[%emt 0:03:00]} Bxg2 {[%emt 0:10:03]} 46. Bxh6 {[%emt 0:00:39]} Rg6 {[%emt 0:00:15]} 47. Be3 {[%emt 0:00:56]} Qe7 {[%emt 0:06:05]} 48. Nf2 {[%emt 0:02:09]} Bh4 {[%emt 0:02:36]} 49. Nd3 {[%emt 0:02:07]} Nf7 {[%emt 0:00:43]} 50. Ne1 {[%emt 0:01:15]} Bxe1 {[%emt 0:04:05]} 51. Qxe1 {[%emt 0:00:12]} h4 {[%emt 0:00:11]} 52. Bf2 {[%emt 0:04:15]} h3 {[%emt 0:00:13]} 53. Bg3 {[%emt 0:00:16]} Qg5 {[%emt 0:01:13]} 54. Bh2 {[%emt 0:00:23]} Qe3 {[%emt 0:00:32]} 55. Bd1 {[%emt 0:01:53]} Qxe1 {[%emt 0:00:27]} 56. Rxe1 {[%emt 0:00:02]} Rf6 {[%emt 0:00:13]} 57. Re3 {[%emt 0:01:08]} Ng5 {[%emt 0:00:13]} 58. Kb2 {[%emt 0:00:34]} Bxf3 {[%emt 0:00:47]} 59. Bxf3 {[%emt 0:00:23]} Nxf3 {[%emt 0:01:34]} 60. Re2 {[%emt 0:00:38]} Rg6 {[%emt 0:00:05]} 0-1

[Event "Nordic Chess-ch 2019"]
[Site "Sarpsborg"]
[Date "2019.06.21"]
[Round "1.11"]
[White "Rydstrom, Tom"]
[Black "Holand, Per Fredrik"]
[Result "1-0"]
[WhiteElo "2370"]
[BlackElo "1883"]
[Annotator "TA"]
[PlyCount "85"]
[EventDate "2019.06.21"]
[EventType "swiss"]
[EventCountry "NOR"]
[SourceTitle "playchess.com"]
[Source "ChessBase"]
[SourceQuality "1"]

{[%evp 9,85,-32,-43,-31,-26,-56,-41,-54,-45,-48,-44,-47,-41,-52,-30,-61,-66,-62,-44,-63,-55,-57,-52,-62,-60,-92,-72,-76,-79,-132,-112,-127,-129,-137,-81,-145,0,-2,9,-40,0,0,0,0,0,-39,-45,-43,-36,-29,5,-18,-14,-76,8,8,0,5,8,6,2,0,8,0,13,10,92,81,80,89,80,91,105,102,278,297,303,288]} 1. Nc3 d5 2. e4 d4 3. Nce2 e5 4. Nf3 Nc6 5. Ng3 h5 6. h4 {A00: Irregular Openings} Bg4 (6... a6 7. Bc4 Bg4 8. c3 Qd7 9. a4 O-O-O 10. a5 g6 11. d3 Bh6 12. Bxh6 Nxh6 13. Qb3 Bxf3 14. gxf3 {½-½ (65) Rada,H (2508)-Lowrance,W (2537) FICGS email 2010}) 7. Be2 Qd7 8. d3 {Black is slightly better.} Nge7 $146 ({Predecessor:} 8... Bb4+ 9. Bd2 Bxd2+ 10. Qxd2 f6 11. Nh2 Bxe2 12. Qxe2 g6 13. Nhf1 {0-1 (45) Perez Olarte,C (2185)-Barco Cardona,J (2038) Medellin 2015}) 9. Bd2 Ng6 10. Ng5 Bxe2 11. Qxe2 Nb4 12. Bxb4 Bxb4+ 13. Kf1 Nf4 $36 {[%mdl 2048] Black is pushing.} 14. Qd1 O-O-O (14... f6 {seems wilder.} 15. Nf3 Ne6 16. a3 Bf8 17. Qb1 g6) 15. Ne2 Ne6 16. Nf3 f6 17. a4 g6 18. a5 a6 19. c3 (19. Qb1 $142) 19... dxc3 $17 20. bxc3 Bc5 21. Qb3 Rhe8 (21... Ba7 $142 {And now ...Nc5 would win.} 22. d4 (22. Rb1 $2 Nc5 $19 {[%mdl 64] Double Attack}) 22... Qc6) 22. Rd1 ({White should try} 22. Ne1) 22... Nf4 (22... Bf8 $17 {Hoping for ...Nc5.} 23. Ne1 Nc5) 23. Nxf4 $11 exf4 24. Qc4 Qb5 (24... Bd6 {feels hotter.} 25. Qb3 Qb5 26. Qxb5 axb5 27. Ke2 b4) 25. Qxb5 axb5 26. Ke2 b4 27. cxb4 Bxb4 28. Ra1 f5 29. Ng5 Rd6 30. Rhc1 Ra6 31. f3 {[#]} (31. Kf3 $11 {keeps the balance.}) 31... Rxa5 (31... Be7 $1 $17 32. Nh3 Bxh4) 32. Rxa5 Bxa5 $17 {[%mdl 4096] Endgame KRB-KRN} 33. Nh3 fxe4 34. fxe4 Rf8 35. Ra1 b6 36. Rf1 Kd7 37. Nxf4 Rg8 (37... Rf6 $11) 38. Nd5 $16 {[#] aiming for Nf6+.} Rg7 39. Rf6 {Black must now prevent e5.} c6 40. Nf4 Bc3 41. Rxg6 Rxg6 $2 (41... Rf7 $16 42. Nxh5 b5) 42. Nxg6 $18 Bf6 43. g3 {Accuracy: White = 49%, Black = 38%.} 1-0

[Event "Nordic Chess-ch 2019"]
[Site "Sarpsborg"]
[Date "2019.06.21"]
[Round "1.12"]
[White "Kristiansen, Rune Harald"]
[Black "Dragicevic, Drazen"]
[Result "1/2-1/2"]
[WhiteElo "1849"]
[BlackElo "2359"]
[Annotator "TA"]
[PlyCount "123"]
[EventDate "2019.06.21"]
[EventType "swiss"]
[EventCountry "NOR"]
[SourceTitle "playchess.com"]
[Source "ChessBase"]
[SourceQuality "1"]

{[%evp 9,123,-37,-13,-103,-85,-84,-68,-79,-72,-91,-76,-76,-73,-83,-33,-60,-50,-59,-41,-54,-46,-70,-29,-49,-39,-66,-24,-52,0,-39,0,-56,-29,-61,-58,-69,-9,-10,-7,-4,17,0,0,0,0,-38,-13,-31,80,0,0,0,0,0,0,0,0,-51,-70,-74,-74,-83,-67,-100,0,0,0,0,0,0,0,0,0,-6,-6,-7,0,-7,0,0,0,0,0,-7,-7,-7,-7,-8,-8,-8,0,0,0,0,0,0,0,0,0,0,0,0,0,0,0,0,0,0,0,0,0,0,0,0,0,0]} 1. d4 Nf6 2. c4 e6 3. g4 (3. Nc3 d5 4. cxd5 Nxd5 5. e4 Nxc3 6. bxc3 c5 7. a3 g6 8. Nf3 Bg7 9. Be2 O-O 10. O-O cxd4 11. cxd4 Nc6 12. Bg5 Qd6 13. e5 Qd5 14. Rc1 h6 15. Be3 {0-1 (46) Yu,Y (2784)-Dominguez Perez,L (2752) Hengshui 2019}) 3... d5 4. g5 Ne4 5. Nf3 $146 ({Predecessor:} 5. Nc3 Bb4 6. Qb3 Nc6 7. Nf3 a5 8. a3 Bxc3+ 9. bxc3 a4 10. Qc2 {1-0 (31) Napoli,N (2277)-Pes,F (1820) Laconi 2007}) 5... c5 6. e3 {A50: Queen's Fianchetto Defence (1 d4 Nf6 2 c4 b6)} (6. Bg2 $11 {remains equal.}) 6... Nc6 7. Nc3 cxd4 8. exd4 {Black is slightly better.} Bb4 9. Bd2 Nxd2 10. Qxd2 dxc4 11. Bxc4 a6 (11... O-O {is interesting.} 12. Qe3 Ne7 13. Bd3 Nd5 14. Qe4 f5) 12. a3 Bxc3 13. bxc3 b5 14. Be2 Bb7 15. Rg1 Na5 {[%cal Bc6a5,Ba5b3,Bb3d2][%mdl 32] [#] aiming for ...Nb3.} 16. Qe3 Rc8 17. Nd2 Qc7 18. Rg3 Qc6 (18... Nc6 $15) 19. Bf1 Qd5 20. f4 ({Better is} 20. Qf4 $11) 20... Nb3 21. Rd1 {[#] Strongly threatening Bg2.} Nxd2 $1 22. Rxd2 {Black should prevent Bg2.} Qe4 (22... O-O $15 23. h4 Qb3) 23. Qxe4 $11 Bxe4 24. Re3 Bd5 25. f5 Kd7 26. Rf2 Kd6 27. Bh3 exf5 28. Bxf5 Rhe8 (28... Rc4 $15 {stays ahead.}) 29. Rxe8 ({White should try} 29. Bxc8 $16 Rxe3+ 30. Kd2) 29... Rxe8+ $16 {[%mdl 4096] Endgame KRB-KRB} 30. Re2 Rh8 31. Kd2 g6 32. Bc2 h6 33. gxh6 (33. h4 $11) 33... Rxh6 34. Rf2 f5 35. Bd3 Rh5 36. Be2 Rg5 (36... Rh4 $17 37. Bf1 f4) 37. h4 $11 {The position is equal.} Rg1 38. h5 Be4 39. hxg6 Rxg6 40. Rh2 Kd5 41. Rf2 Rg1 42. Bf1 Rg3 43. Be2 Kc6 44. Rh2 Rg6 45. Rf2 Kd5 46. Ke3 Rc6 47. Kd2 Rh6 48. Ke3 Rh3+ 49. Kd2 $1 Kc6 50. Bf1 Rh6 (50... Rg3 {is more complex.} 51. Rh2 Kd5 52. Rh6 Rg1 53. Be2 Rg2) 51. Be2 Kb6 52. Bd3 Bxd3 53. Kxd3 {KR-KR} Rh3+ 54. Kc2 Rh5 55. Kb3 Ka5 56. Rf3 Rg5 57. c4 {Threatening c5.} f4 58. Rxf4 Rg3+ 59. Kb2 Rg2+ 60. Kb3 Rg3+ 61. Kb2 Rg2+ 62. Kb3 {Accuracy: White = 48%, Black = 50%.} 1/2-1/2

[Event "Nordic Chess-ch 2019"]
[Site "Sarpsborg"]
[Date "2019.06.21"]
[Round "1.13"]
[White "Vestby-Ellingsen, Mads"]
[Black "Stabbetorp, Jon Anders"]
[Result "1-0"]
[WhiteElo "2345"]
[BlackElo "1817"]
[Annotator "TA"]
[PlyCount "27"]
[EventDate "2019.06.21"]
[EventType "swiss"]
[EventCountry "NOR"]
[SourceTitle "playchess.com"]
[Source "ChessBase"]
[SourceQuality "1"]

{[%evp 12,27,56,46,64,65,94,98,191,94,317,147,616,502,498,488,456,443]} 1. d4 Nf6 2. Nf3 b6 3. g3 Bb7 4. Bg2 d6 5. c4 Nbd7 6. Nc3 e5 7. O-O exd4 {A47: 1 d4 Nf6 2 Nf3 b6: Torre, London and Colle Systems} 8. Nxd4 Bxg2 9. Kxg2 Nc5 {[#]} (9... Qc8 $16) 10. e4 $146 (10. Bg5 $1 $18) ({Predecessor:} 10. Nd5 Nxd5 11. cxd5 a5 12. Nc6 Qd7 13. Qd4 Qf5 14. e4 Qf6 15. Qxf6 gxf6 {1-0 (49) Drazic,S (2495)-Vukelic,Z (2125) Skopje 1998}) 10... g6 $2 (10... Ne6 $16 {was called for.}) 11. Re1 (11. Bg5 $18 {is more deadly.} Bg7 12. Nd5) 11... Be7 $2 {[%mdl 8192]} (11... Bg7 $16) 12. Nc6 {White is clearly winning.} Qd7 13. Nxe7 Qxe7 14. Nd5 1-0

[Event "Nordic Chess-ch 2019"]
[Site "Sarpsborg"]
[Date "2019.06.21"]
[Round "1.14"]
[White "Jashari, Driton"]
[Black "Ernst, Thomas"]
[Result "0-1"]
[WhiteElo "1755"]
[BlackElo "2342"]
[Annotator "RC"]
[PlyCount "107"]
[EventDate "2019.06.21"]
[EventType "swiss"]
[EventCountry "NOR"]
[SourceTitle "playchess.com"]
[Source "ChessBase"]
[SourceQuality "1"]
[TimeControl "40/5400+30:1800+30"]

1. e4 {[%emt 0:00:49]} c5 {[%emt 0:00:00]} 2. Nf3 {[%emt 0:00:09]} d6 {[%emt 0:00:00]} 3. Nc3 {[%emt 0:00:37]} Nf6 {[%emt 0:00:37]} 4. d3 {[%emt 0:00:47]} Nc6 {[%emt 0:01:39]} 5. Be2 {[%emt 0:04:10]} e6 {[%emt 0:01:38]} 6. Bg5 {[%emt 0:02:19]} Be7 {[%emt 0:00:32]} 7. h3 {[%emt 0:00:52]} d5 {[%emt 0:07:03]} 8. exd5 {[%emt 0:16:19]} Nxd5 {[%emt 0:00:30]} 9. Bxe7 {[%emt 0:05:18]} Ndxe7 {[%emt 0:00:44]} 10. Ne4 {[%emt 0:01:09]} b6 {[%emt 0:03:25]} 11. c3 {[%emt 0:05:28]} O-O {[%emt 0:01:10]} 12. Qc2 {[%emt 0:00:23]} e5 {[%emt 0:07:08]} 13. Rd1 {[%emt 0:02:50]} h6 {[%emt 0:01:30]} 14. Rd2 {[%emt 0:03:35]} Ng6 {[%emt 0:04:06]} 15. O-O {[%emt 0:03:04]} Nf4 {[%emt 0:00:43]} 16. Rfd1 {[%emt 0:00:08]} Nxe2+ {[%emt 0:01:28]} 17. Rxe2 {[%emt 0:00:01]} Be6 {[%emt 0:03:00]} 18. b3 {[%emt 0:02:41]} Rc8 {[%emt 0:03:07]} 19. Ng3 {[%emt 0:00:18]} Qd5 {[%emt 0:03:00]} 20. Nf1 {[%emt 0:00:38]} Rfd8 {[%emt 0:07:35]} 21. Ne3 {[%emt 0:00:38]} Qd7 {[%emt 0:00:18]} 22. Red2 {[%emt 0:00:07]} Qe7 {[%emt 0:06:52]} 23. Nc4 {[%emt 0:03:16]} Qf6 {[%emt 0:04:50]} 24. Nh2 {[%emt 0:04:14]} Qg6 {[%emt 0:08:28]} 25. Kh1 {[%emt 0:06:42]} Rd5 {[%emt 0:04:26]} 26. Ne3 {[%emt 0:00:25]} Rd7 {[%emt 0:00:19]} 27. Qb2 {[%emt 0:02:49]} Rcd8 {[%emt 0:01:10]} 28. Qc2 {[%emt 0:03:19]} Qh5 {[%emt 0:03:53]} 29. f3 {[%emt 0:02:33]} Qg5 {[%emt 0:02:38]} 30. Neg4 {[%emt 0:00:21]} Bf5 {[%emt 0:01:12]} 31. Nf2 {[%emt 0:00:13]} Bh7 {[%emt 0:00:34]} 32. Ne4 {[%emt 0:01:14]} Qf4 {[%emt 0:04:02]} 33. g3 {[%emt 0:08:20]} Qf5 {[%emt 0:00:14]} 34. Kg2 {[%emt 0:00:09]} Qe6 {[%emt 0:01:41]} 35. Ng4 {[%emt 0:00:05]} f5 {[%emt 0:03:05]} 36. Ngf2 {[%emt 0:02:56]} fxe4 {[%emt 0:00:11]} 37. fxe4 {[%emt 0:00:31]} Rf7 {[%emt 0:00:43]} 38. Ng4 {[%emt 0:00:44]} Rdf8 {[%emt 0:01:03]} 39. Ne3 {[%emt 0:00:32]} Rf3 {[%emt 0:01:16]} 40. Rf1 {[%emt 0:03:10]} Qf7 {[%emt 0:01:31]} 41. Rdf2 {[%emt 0:30:17]} Rxf2+ {[%emt 0:30:17]} 42. Rxf2 {[%emt 0:00:03]} Qxf2+ {[%emt 0:00:14]} 43. Qxf2 {[%emt 0:00:06]} Rxf2+ {[%emt 0:00:06]} 44. Kxf2 {[%emt 0:00:06]} Kf7 {[%emt 0:00:15]} 45. Kf3 {[%emt 0:00:22]} Ke6 {[%emt 0:00:27]} 46. Nd5 {[%emt 0:00:38]} Kd6 {[%emt 0:01:25]} 47. Ne3 {[%emt 0:00:07]} b5 {[%emt 0:01:34]} 48. Nd5 {[%emt 0:03:17]} Bg8 {[%emt 0:00:32]} 49. Ne3 {[%emt 0:00:02]} Be6 {[%emt 0:00:13]} 50. Nc2 {[%emt 0:00:17]} b4 {[%emt 0:01:04]} 51. c4 {[%emt 0:00:08]} Bxh3 {[%emt 0:01:28]} 52. g4 {[%emt 0:00:03]} Nd4+ {[%emt 0:00:22]} 53. Nxd4 {[%emt 0:00:02]} exd4 {[%emt 0:00:10]} 54. Kf4 {[%emt 0:00:11]} 0-1

[Event "Nordic Chess-ch 2019"]
[Site "Sarpsborg"]
[Date "2019.06.21"]
[Round "1.15"]
[White "Cederstam Barsk, Carl"]
[Black "Johansen, Torbjorn Reidar"]
[Result "1-0"]
[WhiteElo "2334"]
[BlackElo "1754"]
[Annotator "TA"]
[PlyCount "37"]
[EventDate "2019.06.21"]
[EventType "swiss"]
[EventCountry "NOR"]
[SourceTitle "playchess.com"]
[Source "ChessBase"]
[SourceQuality "1"]

{[%evp 19,37,83,130,125,143,135,137,114,138,91,84,88,221,228,332,337,325,322,739,697]} 1. Nf3 Nf6 2. c4 c5 3. Nc3 Nc6 4. g3 g6 5. Bg2 Bg7 6. O-O O-O 7. d4 cxd4 8. Nxd4 a6 9. c5 Qa5 10. Nb3 Qc7 11. Bf4 {A39: Symmetrical English vs ...g6: 4 Bg2 Bg7 5 Nf3 Nf6 6 0-0 0-0 7 d4} e5 12. Bg5 (12. Be3 h6 13. Qc1 Kh7 14. Rd1 Rd8 15. Rd6 Ne7 16. Na4 Nf5 17. Nb6 Rb8 18. Qd2 Re8 {1-0 (30) Christiansen,J (2468)-Strand,H (2179) Norway 2018}) 12... b5 13. Nd2 $146 {White is clearly better.} ({Predecessor:} 13. Bxf6 Bxf6 14. Nd5 Qd8 15. Na5 Ra7 16. Nxc6 dxc6 17. Nb4 Rd7 18. Qb3 Rd2 19. Nxc6 {1-0 (46) Kostin,A (2147)-Agapov,Y (1964) Tambov 2018}) 13... Ra7 14. Nde4 Nxe4 15. Nxe4 Nd8 (15... Bb7 $16 {keeps fighting.}) 16. Be7 $18 Re8 (16... Bb7 $142 17. Bd6 Qc8 18. Bxf8 Bxf8 19. Nf6+ Kg7) 17. Bd6 Qa5 18. Bb8 Rc7 $2 {[#]} (18... Rb7) 19. b4 1-0

[Event "Nordic Chess-ch 2019"]
[Site "Sarpsborg"]
[Date "2019.06.21"]
[Round "1.16"]
[White "Johansen, Kolbjorn-Albin"]
[Black "Tryggestad, Andreas Garberg"]
[Result "0-1"]
[WhiteElo "1690"]
[BlackElo "2324"]
[Annotator "TA"]
[PlyCount "72"]
[EventDate "2019.06.21"]
[EventType "swiss"]
[EventCountry "NOR"]
[SourceTitle "playchess.com"]
[Source "ChessBase"]
[SourceQuality "1"]

{[%evp 9,72,0,31,29,31,26,27,26,28,34,37,28,91,-7,5,13,20,22,41,-104,-91,-139,-143,-128,-133,-243,-243,-235,-242,-212,-200,-198,-214,-206,-189,-306,-299,-349,-349,-345,-343,-335,-343,-331,-322,-376,-370,-606,-565,-826,-820,-842,-821,-1239,-1134,-1227,-1227,-2104,-1622,-29986,-29987,-29989,-29988,-29989,-29990]} 1. d4 Nf6 2. Bf4 g6 3. Nc3 d5 4. e3 Bg7 5. h4 c5 (5... h5 6. Qf3 c5 7. Qg3 Nc6 8. Bc7 Qd7 9. O-O-O cxd4 10. exd4 O-O 11. Nh3 {½-½ (44) Nisipeanu,L (2667)-Jones,G (2702) Malmo 2019}) 6. Nb5 {[#] Black must now prevent Nc7+. A45: Trompowsky Attack} Na6 $1 7. c3 $146 ({Predecessor:} 7. a4 O-O 8. Be2 Bd7 9. Nf3 Qa5+ 10. c3 c4 11. Ne5 Bxb5 12. axb5 {½-½ (86) Smith,D (2047)-Chittka,J (2268) Reykjavik 2019}) 7... Bd7 8. a4 {White has an edge.} O-O 9. Be2 c4 10. Nf3 Qb6 (10... Bxb5 $11 11. axb5 Nc7) 11. Ne5 (11. b3 $16) 11... Bxb5 12. axb5 Qxb5 13. Qc2 Nd7 14. h5 (14. Nxd7 $14 {keeps the upper hand.} Qxd7 15. e4) 14... Nxe5 $17 15. Bxe5 Bxe5 16. dxe5 Nc5 17. b4 (17. O-O $17) 17... cxb3 $19 18. Bxb5 bxc2 19. Rc1 Rfc8 20. hxg6 hxg6 21. Rxc2 Ne4 22. e6 (22. Bd3 $142) 22... Rxc3 23. exf7+ Kxf7 24. Rxc3 Nxc3 {[%mdl 4096] Endgame KRB-KRN} 25. Bd3 b5 {[%cal Bb7b5,Bb5b4][%mdl 32]} 26. Kd2 b4 27. Rh7+ Kf6 28. f4 $2 {[#]} (28. f3) 28... a5 {[%cal Ba7a5,Ba5a4,Ba4a3,Ba3a2][%mdl 32]} 29. g4 Ne4+ 30. Bxe4 dxe4 {KR-KR} 31. g5+ Ke6 32. Rh6 Kf5 33. Rh7 a4 34. Rxe7 a3 {Black mates.} 35. Re5+ Kg4 36. Rxe4 a2 {Accuracy: White = 40%, Black = 77%.} 0-1

[Event "Nordic Chess-ch 2019"]
[Site "Sarpsborg"]
[Date "2019.06.21"]
[Round "1.17"]
[White "Hobber, Anders"]
[Black "Eiding, Amanda Mai Irgens"]
[Result "1-0"]
[WhiteElo "2282"]
[BlackElo "1655"]
[Annotator "TA"]
[PlyCount "91"]
[EventDate "2019.06.21"]
[EventType "swiss"]
[EventCountry "NOR"]
[SourceTitle "playchess.com"]
[Source "ChessBase"]
[SourceQuality "1"]

{[%evp 13,91,-15,0,0,20,3,36,39,36,35,51,56,51,54,244,249,316,52,60,53,46,46,57,55,52,38,50,33,44,35,148,146,153,151,147,148,161,159,170,177,244,265,306,306,306,306,302,279,325,324,421,429,678,623,746,764,778,778,767,747,741,622,1074,566,1154,1129,1041,1032,899,763,1039,944,952,837,6315,6112,5218,5197,1519,1103]} 1. d4 d5 2. Bf4 Nf6 3. e3 e6 4. Nf3 Bd6 5. Bg3 O-O 6. Nbd2 c5 7. c3 Nc6 8. Bb5 {D02: 1 d4 d5 2 Nf3 sidelines, including 2...Nf6 3 g3 and 2...Nf6 3 Bf4} cxd4 9. exd4 Qc7 (9... Ne7 10. Bd3 Ng6 11. O-O Bxg3 12. fxg3 b5 13. Qe2 Qb6 14. Ng5 b4 15. Ndf3 h6 {½-½ (34) Naroditsky,D (2616)-Mamedyarov,S (2817) chess.com INT 2019}) 10. Bxd6 {White is slightly better.} Qxd6 11. O-O a6 12. Bd3 Re8 $146 ({Predecessor:} 12... Bd7 13. Re1 Qc7 14. Ne5 {½-½ (32) Oney,R (1910)-Yassibag,I (1834) Konya 2018}) 13. Re1 e5 $2 (13... Nd7 $14) 14. dxe5 $1 $18 Nxe5 15. Nxe5 $2 (15. Rxe5 $18 Rxe5 {[#]} 16. Nc4 $1 {[%mdl 512]} (16. Nxe5 Qxe5 17. Nf3 Qd6 $14) 16... dxc4 17. Bxh7+ $1 {[%mdl 576] Discovered Attack} Nxh7 18. Qxd6) 15... Rxe5 $14 16. Rxe5 Qxe5 17. Nf3 Qe7 18. Qa4 Bd7 19. Qf4 Re8 20. h3 Qc5 21. Qd4 Ne4 (21... Qa5 $14) 22. Bxe4 $1 $16 Qxd4 {[#]} 23. Bxh7+ $1 {[%mdl 512]} Kxh7 24. Nxd4 {[%mdl 4096] Endgame KRB-KRN} b5 25. Kf1 Kg6 26. Re1 Be6 (26... Re4 {was called for.} 27. Rd1 Kf6) 27. f4 $18 Kf6 28. f5 Bd7 29. Rxe8 Bxe8 {KB-KN} 30. Kf2 Ke5 31. Ke3 a5 32. b4 {White is clearly winning.} a4 (32... axb4 $142 33. cxb4 Bd7) 33. a3 Bd7 34. g4 Be8 35. Nf3+ Kd6 36. h4 Bd7 37. Kd4 f6 38. Ng1 Be8 39. Ne2 Bf7 40. Nf4 Be8 41. Nxd5 Bc6 42. Ne3 Bf3 43. g5 fxg5 44. hxg5 Be2 45. c4 bxc4 46. Nxc4+ {Accuracy: White = 80%, Black = 16%.} 1-0

[Event "Nordic Chess-ch 2019"]
[Site "Sarpsborg"]
[Date "2019.06.21"]
[Round "1.18"]
[White "Berisha, Xhafer"]
[Black "Ingebretsen, Jens E"]
[Result "0-1"]
[WhiteElo "1340"]
[BlackElo "2263"]
[Annotator "TA"]
[PlyCount "64"]
[EventDate "2019.06.21"]
[EventType "swiss"]
[EventCountry "NOR"]
[SourceTitle "playchess.com"]
[Source "ChessBase"]
[SourceQuality "1"]

{[%evp 9,63,0,-9,-27,-31,-46,-32,-102,-10,-87,0,-33,-33,-37,-45,-49,-60,-132,-118,-112,-120,-208,-212,-204,-200,-304,-290,-312,-301,-499,-494,-699,-697,-719,-619,-611,-618,-1593,-1638,-1472,-1491,-1150,-1056,-2065,-1810,-29995,-29996,-29996,-29995,-29995,-29996,-29998,-29998,-29998,-29999,-29999]} 1. e3 e5 2. c3 (2. Nf3 e4 3. Nd4 Nc6 4. d3 Nxd4 5. exd4 exd3 6. Bxd3 Nf6 7. O-O Be7 8. Re1 O-O 9. Bf4 d6 10. Nd2 {½-½ (27) Mamedyarov,S (2801)-Giri,A (2782) chess.com INT 2018}) 2... d5 3. d4 e4 4. c4 c6 5. Nc3 Nf6 6. h3 $146 {A00: Irregular Openings} ({Predecessor:} 6. Qb3 a6 7. Nh3 b5 8. cxb5 cxb5 9. Nf4 Be6 10. f3 exf3 11. gxf3 {0-1 (29) Sharma,D (2362)-Das,A (2442) Bhubaneswar 2016}) 6... Bd6 7. Bd2 O-O 8. Nge2 ({Better is} 8. a3 $15) 8... a6 (8... dxc4 $17 9. g4 Na6) 9. a3 (9. c5 $11 Bc7 10. g4) 9... b5 (9... dxc4 $17 10. g4 h6) 10. cxd5 (10. c5 $5 {[%cal Rc5d6]} Bc7 11. g4 $11) 10... cxd5 11. Nf4 Bb7 12. Be2 Nc6 {[%cal Bb8c6,Bc6d4,Bd4e2][%mdl 32]} 13. b4 (13. g3 $15) 13... Bxf4 $1 $17 14. exf4 Nxd4 {Strongly threatening ...Nc6.} 15. O-O (15. Be3 $17 Nc6 16. Bd4) 15... Nxe2+ $19 16. Nxe2 d4 17. f5 (17. Bc1 $142) 17... Qd5 18. Nf4 Qxf5 19. g4 $2 (19. a4 {might work better.}) 19... Qe5 20. Ng2 {[#]} (20. Qe2 $142) 20... e3 $1 21. fxe3 Bxg2 22. Kxg2 {If only White now had time for exd4....} dxe3 23. Re1 Qd5+ {[%mdl 64] Double Attack} 24. Qf3 exd2 25. Red1 Rad8 {[#] aiming for ...Qc4.} 26. a4 Rfe8 {( -> ...Re2+)} 27. axb5 Re2+ {Black mates.} 28. Kg3 Ne4+ 29. Qxe4 Qxe4 30. bxa6 Qe3+ 31. Kh4 Qh6+ 32. Kg3 Rd3# {Accuracy: White = 16%, Black = 71%.} 0-1